00361nam a2200097Ia 4500008004100000100002300041245007500064260005100139650001200190856006100202160909s9999 xx 000 0 und d aJurgensen, Emma C. aSocial work intervention in the hand off process: A quantitative study bCalifornia State University, Long Beach.c2016 aNursing uhttp://pqdtopen.proquest.com/doc/1786894362.html?FMT=ABS